[Event "SVK-ch U14"]
[Site "Tatralandia"]
[Date "2024.04.09"]
[Round "6"]
[White "Bartelt, Tobias"]
[Black "Jursa, Juraj"]
[Result "0-1"]
[WhiteElo "1573"]
[BlackElo "1685"]
[PlyCount "60"]
[EventDate "2024.04.05"]
[EventType "swiss"]
[EventRounds "9"]
[EventCountry "SVK"]
[SourceTitle "CB16_2024"]
[SourceDate "2024.04.17"]
[SourceVersion "1"]
[SourceVersionDate "2024.04.17"]
[SourceQuality "1"]

1. e4 c6 2. d4 d5 3. Nc3 dxe4 4. Nxe4 Bf5 5. Ng3 Bg6 6. h4 h6 7. h5 Bh7 8. Nf3 Nd7 9. Be3 e6 10. Be2 Ngf6 11. Qd2 Bd6 12. Bd3 Bxd3 13. Qxd3 Qc7 14. Ne2 0-0-0 15. 0-0-0 Nb6 16. Kb1 Rhe8 17. Qb3 Nbd5 18. c4 Nxe3 19. fxe3 c5 20. Rd3 e5 21. Rd2 Ne4 22. Rc2 exd4 23. exd4 cxd4 24. Nexd4 Bc5 25. Nb5 Qb6 26. Re1 Nd2+ 27. Rxd2 Rxe1+ 28. Nxe1 Rxd2 29. Qh3+ Qe6 30. Qg3 Bd6 0-1

[Event "SVK-ch U14"]
[Site "Tatralandia"]
[Date "2024.04.08"]
[Round "5"]
[White "Jursa, Juraj"]
[Black "Vasko, Matej"]
[Result "0-1"]
[WhiteElo "1685"]
[BlackElo "1892"]
[PlyCount "44"]
[EventDate "2024.04.05"]
[EventType "swiss"]
[EventRounds "9"]
[EventCountry "SVK"]
[SourceTitle "CB16_2024"]
[SourceDate "2024.04.17"]
[SourceVersion "1"]
[SourceVersionDate "2024.04.17"]
[SourceQuality "1"]

1. e4 c5 2. Nf3 d6 3. d4 cxd4 4. Nxd4 Nf6 5. Nc3 g6 6. Bc4 Bg7 7. f3 0-0 8. Be3 Nc6 9. Qd2 Bd7 10. 0-0-0 Rc8 11. Nxc6 Rxc6 12. Bb3 a5 13. g4 Rxc3 14. bxc3 a4 15. Bh6 axb3 16. cxb3 Bxh6 17. Qxh6 Qa5 18. Qd2 Ra8 19. Kb1 Bxg4 20. Rdf1 Be6 21. Qc2 d5 22. e5 Bf5 0-1

[Event "SVK-ch U14"]
[Site "Tatralandia"]
[Date "2024.04.07"]
[Round "4"]
[White "Ondreicka, Roman"]
[Black "Jursa, Juraj"]
[Result "1-0"]
[WhiteElo "1792"]
[BlackElo "1685"]
[PlyCount "53"]
[EventDate "2024.04.05"]
[EventType "swiss"]
[EventRounds "9"]
[EventCountry "SVK"]
[SourceTitle "CB16_2024"]
[SourceDate "2024.04.17"]
[SourceVersion "1"]
[SourceVersionDate "2024.04.17"]
[SourceQuality "1"]

1. f4 Nf6 2. Nf3 d5 3. e3 c5 4. b3 Nc6 5. Bb5 Bd7 6. Bxc6 Bxc6 7. Bb2 e6 8. 0-0 g6 9. h3 Bg7 10. d3 0-0 11. Nbd2 b6 12. Qe1 Rc8 13. Ne5 Bb7 14. Ndf3 h6 15. Rb1 Re8 16. Kh1 Nd7 17. Nxd7 Qxd7 18. Bxg7 Kxg7 19. Ne5 Qd8 20. Qg3 Rf8 21. Rf2 g5 22. h4 f6 23. Nf3 Kg6 24. fxg5 hxg5 25. hxg5 f5 26. Ne5+ Kh5 27. Rf4 1-0

[Event "SVK-ch U14"]
[Site "Tatralandia"]
[Date "2024.04.06"]
[Round "2"]
[White "Livnansky, Michal"]
[Black "Jursa, Juraj"]
[Result "1/2-1/2"]
[WhiteElo "1838"]
[BlackElo "1685"]
[PlyCount "124"]
[EventDate "2024.04.05"]
[EventType "swiss"]
[EventRounds "9"]
[EventCountry "SVK"]
[SourceTitle "CB16_2024"]
[SourceDate "2024.04.17"]
[SourceVersion "1"]
[SourceVersionDate "2024.04.17"]
[SourceQuality "1"]

1. e4 c6 2. d4 d5 3. exd5 cxd5 4. Bd3 Nc6 5. c3 Nf6 6. h3 g6 7. Nf3 Bg7 8. Bf4 0-0 9. 0-0 a6 10. a4 Na5 11. Nbd2 Be6 12. Ne5 Nd7 13. Qe2 Nc6 14. Ndf3 Ndxe5 15. Nxe5 Qc8 16. Rfe1 Bf5 17. Bg3 Nxe5 18. Bxf5 Qxf5 19. Bxe5 f6 20. Bg3 Rfe8 21. Qe6+ Qxe6 22. Rxe6 Rac8 23. Rb6 e5 24. dxe5 fxe5 25. Rxb7 Rb8 26. Rd7 Rbd8 27. Ra7 Rb8 28. Rxa6 Rxb2 29. Rd6 d4 30. cxd4 exd4 31. a5 Ree2 32. Rd8+ Kf7 33. Rd7+ Kg8 34. a6 Ra2 35. Rxa2 Rxa2 36. a7 Bf8 37. Bd6 Ra1+ 38. Kh2 Bxd6+ 39. Rxd6 Rxa7 40. Rxd4 Kf7 41. f4 Ke6 42. Kg3 Kf5 43. Rd5+ Kf6 44. Rd3 Kf5 45. Kf3 Ra4 46. g4+ Ke6 47. Rb3 h5 48. Rb6+ Kf7 49. gxh5 gxh5 50. Rh6 Ra3+ 51. Kg2 Ra2+ 52. Kg3 Ra3+ 53. Kh4 Rf3 54. Kg5 Rg3+ 55. Kf5 Rxh3 56. Rh7+ Kg8 57. Ra7 Rg3 58. Kf6 h4 59. Ra2 h3 60. Rh2 Kh7 61. f5 Kh6 62. Kf7 Kg5 1/2-1/2

[Event "SVK-ch U12"]
[Site "Dudince"]
[Date "2023.04.22"]
[Round "8"]
[White "Drabek, Matej"]
[Black "Jursa, Juraj"]
[Result "0-1"]
[WhiteElo "1272"]
[BlackElo "1351"]
[PlyCount "83"]
[EventDate "2023.04.16"]
[EventType "swiss"]
[EventRounds "9"]
[EventCountry "SVK"]
[SourceTitle "CBM 213 Extra"]
[Source "ChessBase"]
[SourceDate "2023.05.31"]
[SourceVersion "1"]
[SourceVersionDate "2023.05.31"]
[SourceQuality "1"]

1. e4 c6 2. d4 d5 3. Nc3 dxe4 4. Nxe4 Bf5 5. Nc3 Nf6 6. Nf3 e6 7. a3 Nbd7 8. Bd3 Bxd3 9. Qxd3 Be7 10. 0-0 0-0 11. h3 Rc8 12. b4 Qc7 13. Ne4 Nxe4 14. Qxe4 Nf6 15. Qe3 Rfd8 16. Re1 Nd5 17. Qe4 Rd7 18. Ne5 Rdd8 19. c4 Nf6 20. Qe3 b6 21. c5 Rd5 22. Ra2 Nd7 23. Nxf7 Rf8 24. Ng5 Bxg5 25. Qxe6+ Kh8 26. Qe8 Kg8 27. Rae2 Bxc1 28. Qg6 Rg5 29. Qc2 Bxa3 30. Re8 Qf4 31. R1e3 Rxe8 32. Rxe8+ Nf8 33. cxb6 axb6 34. Qxc6 Bxb4 35. Qxb6 Bd6 36. Re1 Qh2+ 37. Kf1 Qxg2+ 38. Ke2 Qe4+ 39. Kd2 Bf4+ 40. Kc3 Qxe1+ 41. Kc4 Qc1+ 42. Kb4 0-1

[Event "SVK-ch U12"]
[Site "Dudince"]
[Date "2023.04.17"]
[Round "3"]
[White "Jursa, Juraj"]
[Black "Hryshko, Herman"]
[Result "1-0"]
[WhiteElo "1351"]
[BlackElo "1000"]
[PlyCount "237"]
[EventDate "2023.04.16"]
[EventType "swiss"]
[EventRounds "9"]
[EventCountry "SVK"]
[SourceTitle "CBM 213 Extra"]
[Source "ChessBase"]
[SourceDate "2023.05.31"]
[SourceVersion "1"]
[SourceVersionDate "2023.05.31"]
[SourceQuality "1"]

1. e4 e5 2. Nf3 Nc6 3. Nc3 Nf6 4. d4 exd4 5. Nxd4 Nxd4 6. Qxd4 d6 7. Bc4 Be7 8. 0-0 0-0 9. h3 Be6 10. Bxe6 fxe6 11. e5 dxe5 12. Qxe5 Qd6 13. Bf4 Qxe5 14. Bxe5 c6 15. Rfe1 Rfe8 16. Re2 Kf7 17. Rae1 Rad8 18. g4 Nd5 19. Ne4 h6 20. c4 Nb4 21. Ra1 Nd3 22. Bg3 b6 23. a3 Nc5 24. Nxc5 Bxc5 25. b4 Bd6 26. f4 Bc7 27. Bh4 Rd4 28. Rc2 Bxf4 29. Rf1 g5 30. Bf2 Rd3 31. Ra2 Red8 32. b5 c5 33. a4 R8d6 34. a5 Rd1 35. axb6 Rxf1+ 36. Kxf1 axb6 37. Ra6 e5 38. Ke2 e4 39. Be1 Re6 40. Ra7+ Kf6 41. Bc3+ Be5 42. Bxe5+ Rxe5 43. Rd7 Re6 44. Ke3 Kg6 45. Rc7 Kf6 46. Rc8 Ke7 47. Ra8 Kf6 48. Rh8 Kg7 49. Rc8 Kf6 50. Rc7 Ke5 51. Rf7 Kd6 52. Rb7 Ke5 53. Rd7 Kf6 54. Rd5 Ke7 55. Rd1 Kf6 56. Rh1 Kg6 57. Rh2 Kf6 58. Rf2+ Kg6 59. Rf5 Kg7 60. Rd5 Kf6 61. Rd7 Kg6 62. Rc7 Kf6 63. Rc8 Ke7 64. Rc7+ Kf6 65. Rc8 Ke7 66. Rh8 Kf7 67. Rh7+ Kg6 68. Rd7 Kf6 69. Rc7 Ke5 70. Rd7 Kf6 71. Rd5 Ke7 72. Rf5 Kd6 73. Rf2 Ke7 74. h4 Re5 75. hxg5 hxg5 76. Rf5 Ke6 77. Rf8 Ke7 78. Rh8 Re6 79. Rh5 Rd6 80. Kxe4 Rd4+ 81. Kf5 Rxc4 82. Rh6 Rc1 83. Rxb6 c4 84. Rc6 c3 85. Kxg5 c2 86. b6 Rb1 87. Rc7+ Kd6 88. Rxc2 Rxb6 89. Rf2 Ke7 90. Kh5 Rb5+ 91. Kg6 Rb3 92. Kh6 Rg3 93. Kg7 Rh3 94. g5 Rg3 95. g6 Rh3 96. Kg8 Ke8 97. g7 Rg3 98. Re2+ Kd7 99. Re5 Kd6 100. Rh5 Rf3 101. Kh7 Rf7 102. Kh8 Rxg7 103. Kxg7 Kc6 104. Re5 Kd6 105. Kf6 Kc6 106. Re1 Kd5 107. Kf5 Kd4 108. Re8 Kd3 109. Kf4 Kc4 110. Ke4 Kc5 111. Rd8 Kc4 112. Rc8+ Kb3 113. Kd4 Kb2 114. Kd3 Kb3 115. Rb8+ Ka3 116. Kc4 Ka2 117. Kc3 Ka1 118. Kc2 Ka2 119. Ra8# 1-0

[Event "SVK-ch U10"]
[Site "Stara Lubovna"]
[Date "2021.07.01"]
[Round "7"]
[White "Livnansky, Michal"]
[Black "Jursa, Juraj"]
[Result "1-0"]
[WhiteElo "1217"]
[BlackElo "1240"]
[PlyCount "85"]
[EventDate "2021.06.26"]
[EventType "swiss"]
[EventRounds "9"]
[EventCountry "SVK"]
[SourceTitle "CBM 203 Extra"]
[Source "ChessBase"]
[SourceDate "2021.09.30"]
[SourceVersion "1"]
[SourceVersionDate "2021.09.30"]
[SourceQuality "1"]

1. d4 d5 2. Nf3 Nf6 3. Bf4 e6 4. e3 Nbd7 5. c4 c5 6. dxc5 Bxc5 7. Nc3 Qa5 8. a3 Qb6 9. b4 Be7 10. cxd5 0-0 11. dxe6 fxe6 12. Bc4 Qc6 13. Qb3 Nb6 14. Bb5 Qxb5 15. Nxb5 Bd7 16. Nc7 Rac8 17. Nxe6 Ba4 18. Qd3 Rfe8 19. Nfd4 Nbd5 20. Be5 a6 21. 0-0 Bb5 22. Nxb5 axb5 23. Rac1 Ra8 24. Bxf6 Nxf6 25. Nc7 Red8 26. Qb3+ Kh8 27. Nxa8 Rxa8 28. Qf7 Bd6 29. Rfd1 Be5 30. Qxb7 Rf8 31. Rc8 Rxc8 32. Qxc8+ Ng8 33. Rd8 h5 34. Rxg8+ Kh7 35. Rh8+ Kg6 36. Qe6+ Kg5 37. Qxe5+ Kg6 38. Qxh5+ Kf6 39. Qe8 Kf5 40. Rf8+ Kg5 41. f4+ Kh4 42. Rh8+ Kg4 43. Qg6# 1-0

[Event "SVK-ch U10"]
[Site "Stara Lubovna"]
[Date "2021.06.30"]
[Round "6"]
[White "Jursa, Juraj"]
[Black "Meszaros, Casey Ryan"]
[Result "0-1"]
[WhiteElo "1240"]
[BlackElo "1488"]
[PlyCount "94"]
[EventDate "2021.06.26"]
[EventType "swiss"]
[EventRounds "9"]
[EventCountry "SVK"]
[SourceTitle "CBM 203 Extra"]
[Source "ChessBase"]
[SourceDate "2021.09.30"]
[SourceVersion "1"]
[SourceVersionDate "2021.09.30"]
[SourceQuality "1"]

1. e4 e5 2. Nf3 Nc6 3. d4 exd4 4. Nxd4 Bc5 5. Be3 Qf6 6. c3 Nge7 7. Bc4 0-0 8. 0-0 b6 9. f4 Bb7 10. Kh1 Na5 11. Bd3 Nac6 12. Nxc6 Qxc6 13. Bxc5 bxc5 14. Qg4 f5 15. exf5 Nxf5 16. Rg1 g6 17. Nd2 Rae8 18. Rae1 Ne3 19. Qf3 Qxf3 20. Nxf3 Bxf3 21. gxf3 Rxf4 22. Be4 Nf5 23. Bxf5 Rxe1 24. Rxe1 Rxf5 25. Re8+ Rf8 26. Rxf8+ Kxf8 27. Kg2 Kf7 28. Kg3 d5 29. Kf4 Kf6 30. h4 h6 31. Ke3 Ke5 32. f4+ Kf5 33. Kf3 d4 34. cxd4 cxd4 35. b4 d3 36. Ke3 d2 37. Kxd2 Kxf4 38. Kd3 Kg4 39. Kd4 Kxh4 40. Kd5 g5 41. Kc6 g4 42. Kxc7 g3 43. b5 g2 44. a4 g1Q 45. a5 Qc5+ 46. Kb8 Qxb5+ 47. Ka8 Qxa5 0-1

[Event "SVK-ch U10"]
[Site "Stara Lubovna"]
[Date "2021.06.27"]
[Round "2"]
[White "Kaceriak, Simon"]
[Black "Jursa, Juraj"]
[Result "0-1"]
[WhiteElo "1069"]
[BlackElo "1240"]
[PlyCount "50"]
[EventDate "2021.06.26"]
[EventType "swiss"]
[EventRounds "9"]
[EventCountry "SVK"]
[SourceTitle "CBM 203 Extra"]
[Source "ChessBase"]
[SourceDate "2021.09.30"]
[SourceVersion "1"]
[SourceVersionDate "2021.09.30"]
[SourceQuality "1"]

1. e4 e5 2. Nf3 Nf6 3. Nc3 Bb4 4. Nxe5 0-0 5. d3 Re8 6. Nf3 d5 7. Bd2 Bxc3 8. Bxc3 dxe4 9. dxe4 Rxe4+ 10. Be2 Qe8 11. Ng1 Bd7 12. f3 Re6 13. a4 b5 14. b3 Rd6 15. Qc1 Nc6 16. Qf4 Nd5 17. Qd2 Ne3 18. Qc1 Bf5 19. Ra2 Rad8 20. Bd3 Nd5+ 21. Kd2 Nxc3 22. Kxc3 Bxd3 23. Kb2 Bxc2 24. Kxc2 Nb4+ 25. Kb2 Nd3+ 0-1

[Event "SVK-ch U10"]
[Site "Stara Lubovna"]
[Date "2021.06.26"]
[Round "1"]
[White "Jursa, Juraj"]
[Black "Halcin, Erik"]
[Result "1-0"]
[WhiteElo "1240"]
[BlackElo "1000"]
[PlyCount "43"]
[EventDate "2021.06.26"]
[EventType "swiss"]
[EventRounds "9"]
[EventCountry "SVK"]
[SourceTitle "CBM 203 Extra"]
[Source "ChessBase"]
[SourceDate "2021.09.30"]
[SourceVersion "1"]
[SourceVersionDate "2021.09.30"]
[SourceQuality "1"]

1. e4 e5 2. f4 Nc6 3. Nf3 Bc5 4. fxe5 d6 5. Bc4 Bg4 6. h3 Bxf3 7. Qxf3 Nxe5 8. Qc3 c6 9. d4 Nxc4 10. Qxc4 Qh4+ 11. Kd1 Nf6 12. dxc5 d5 13. Qe2 Rd8 14. Bd2 Nxe4 15. Nc3 Kf8 16. Nxe4 dxe4 17. Rf1 Re8 18. Rf4 Qg3 19. Rxe4 Rxe4 20. Qxe4 g6 21. Bh6+ Kg8 22. Qe8# 1-0